Trainer des 1. FC Kaiserslautern - FCK - Statistiken

Allgemein
  • Dieses Quiz wurde 396 mal gespielt
    137 seit der letzten Aktualisierung
  • Das Durchschnittsergebnis liegt bei 15 aus 30
Antwortstatistiken
Zeitraum Trainer % Korrekt
2024 - 2025 Markus Anfang
90%
1996 - 2000 Otto Rehhagel
87%
ab 2025 Torsten Lieberknecht
84%
2024 - 2024 Friedhelm Funkel
78%
2007 - 2007 Wolfgang Funkel
78%
2022 - 2023 Dirk Schuster
76%
2023 - 2024 Dimitrios Grammozis
66%
2021 - 2022 Marco Antwerpen
63%
2000 - 2002 Andreas Brehme
49%
2019 - 2020 Boris Schommers
49%
2018 - 2018 Michael Frontzeck
49%
2009 - 2012 Marco Kurz
48%
2017 - 2018 Jeff Strasser
47%
2013 - 2015 Kosta Runjaic
47%
2015 - 2016 Konrad Fünfstück
46%
2017 - 2017 Norbert Meier
45%
2020 - 2021 Jeff Saibene
44%
2012 - 2012 Krassimir Balakov
43%
2005 - 2007 Wolfgang Wolf
43%
2018 - 2019 Sascha Hildmann
41%
2002 - 2004 Eric Gerets
38%
2016 - 2016 Tayfun Korkut
35%
2012 - 2013 Franco Foda
34%
2004 - 2005 Kurt Jara
33%
2005 - 2005 Michael Henke
31%
2008 - 2009 Milan Sasic
31%
2007 - 2008 Kjetil André Rekdal
21%
2013 - 2013 Oliver Schäfer
21%
2009 - 2009 Alois Schwartz
19%
2005 - 2005 Hans Werner Moser
17%
Keine übereinstimmenden Quizze gefunden
Verteilung der Resultate
Anzahl Personen mit jedem Resultat
Perzentil nach korrekt beantworteten Fragen
Ihre Resultats-Entwicklung
Sie haben dieses Quiz seit der letzten Aktualisierung nicht gespielt